| 000 | 00784cam a2200205 4500 | ||
|---|---|---|---|
| 001 | ABS62271 | ||
| 008 | 000000n2000 000 0 eng u | ||
| 035 | _a(Sirsi) u106129 | ||
| 100 | _aBrewer, G. | ||
| 245 | _aCommercial conflict caused by construction | ||
| 260 | _c2000 | ||
| 490 |
_aContract Journal _v403(6276) 10 May 2000, 25(1) |
||
| 520 | _aDiscusses the effect of provisions stated to be 'condition precedent' to rights and obligations under a contract. Refers to "Koch Hightex GmbH v New Millennium Experience Company Ltd" 1999. | ||
| 590 | _aABS | ||
| 650 | _aKOCH HIGHTEX GMBH V NEW MILLENNIUM EXPERIENCE COMPANY LTD | ||
| 650 | _aCONDITION PRECEDENTS | ||
| 650 | _aCONTRACTUAL OBLIGATIONS | ||
| 690 | _aBUILT ENVIRONMENT-BUILDING CONTRACT FORMS | ||
| 942 | _n0 | ||
| 999 |
_c63580 _d63580 |
||